The Frence language today
Saved in:
| Main Author: | |
|---|---|
| Format: | Book |
| Language: | English |
| Published: |
Routledge,
1992.
|
| Tags: |
Add Tag
No Tags, Be the first to tag this record!
|
MARC
| LEADER | 00000nam a22000007a 4500 | ||
|---|---|---|---|
| 008 | 210702b ||||| |||| 00| 0 eng d | ||
| 020 | |a 0-415-07814-8 | ||
| 100 | |a BATTYE, Adrian. | ||
| 245 | |a The Frence language today |c Adrian Battye and Marie-Anne Hintze. |g viii, 374p. ; ill. | ||
| 260 | |b Routledge, |c 1992. |h New York: |i 663981 |l PC2105 .B32 |m French language – Grammar. |m French language – Variation. | ||
| 500 | |a “It includes index”. | ||
| 942 | |a lcc |c BK |e Adeniran, F. A. |f 02/07/2021 | ||
| 952 | |0 0 |1 0 |2 lcc |4 0 |6 PC2105 B32 |7 0 |9 2707 |a HOL |b HOL |c LP |d 2021-07-02 |l 0 |o PC2105 .B32 |p 2021-6551 |r 2021-07-02 00:00:00 |t 663983 |w 2021-07-02 |y BK | ||
| 999 | |c 1408 |d 1408 | ||